Statistics for Pro- Vocabulary Words Quiz #2

Click here to take the quiz!

General Stats

  • This quiz has been taken 509 times
  • The average score is 9 of 20

Answer Stats

DefinitionWord% Correct
This son finally returnedProdigal
78%
What you get after multiplying numbersProduct
76%
Forks, and antlers, have theseProng
75%
She (or he) is yours, for a feeProstitute
71%
To have childrenProcreate
69%
Likely to happenProbable
66%
The P in PGAProfessional
65%
Mozart and Einstein, for exampleProdigy
55%
To push forwardPropel
54%
What town criers once didProclaim
49%
Quizzes have many of theseProblem
48%
Inclination; tendency; aptitudeProclivity
44%
Non-teaching official at a universityProctor
30%
To look into, usually quite thoroughlyProbe
29%
Synonym of ^^^Process
29%
When a person dies, their will produces thisProbate
24%
Way of doing somethingProcedure
23%
Dating sites are full of theseProfile
23%
Sherlock Holmes searched for thisProof
17%
Seek to convert by preachingProselytise
17%

Score Distribution

Percentile by Number Answered

Percent of People with Each Score

Your Score History

You have not taken this quiz